书目信息 |
| 题名: |
绿色制药技术
|
|
| 作者: | 张衍 , 杨艺虹 主编 | |
| 分册: | ||
| 出版信息: | 北京 化学工业出版社 2006 |
|
| 页数: | 382页 | |
| 开本: | 21cm | |
| 丛书名: | ||
| 单 册: | ||
| 中图分类: | TQ460.6 | |
| 科图分类: | ||
| 主题词: | 药物--生产工艺--无污染技术 , 药物 , 生产工艺 , 无污染技术 | |
| 电子资源: | ||
| ISBN: | 7-5025-8129-4 | |
| 000 | 00908nam0 2200277 450 | |
| 001 | 012007206706 | |
| 005 | 20070522171115.81 | |
| 010 | @a7-5025-8129-4@dCNY29.00 | |
| 100 | @a20070514d2006 km y0chiy0120 ea | |
| 101 | 0 | @achi |
| 102 | @aCN@b110000 | |
| 105 | @ay z 000yy | |
| 106 | @ar | |
| 200 | 1 | @a绿色制药技术@Alu se zhi yao ji shu@f张衍,杨艺虹主编@Fzhang yan,yang yi hong zhu bian |
| 210 | @a北京@c化学工业出版社@d2006 | |
| 215 | @a382页@d21cm | |
| 330 | @a本书以有机化学、药学和工程学、设计学及相关科学理论和工程技术为基础,反映和阐述绿色的新技术、新工艺、新方法在制药工业中的应用和发展。 | |
| 606 | 0 | @a药物@x生产工艺@x无污染技术 |
| 606 | 0 | @a药物 |
| 606 | 0 | @a生产工艺 |
| 606 | 0 | @a无污染技术 |
| 690 | @aTQ460.6@v4 | |
| 701 | 0 | @a张衍@Azhang yan@f(1956.2~)@4主编 |
| 701 | 0 | @a杨艺虹@Ayang yi hong@c(女,@f1954~)@4主编 |
| 801 | 0 | @aCN@bRULIN@c20070522 |
| 905 | @dTQ460.6@e25@s8 | |
| 绿色制药技术/张衍,杨艺虹主编.-北京:化学工业出版社,2006 |
| 382页;21cm |
| ISBN 7-5025-8129-4:CNY29.00 |
| 本书以有机化学、药学和工程学、设计学及相关科学理论和工程技术为基础,反映和阐述绿色的新技术、新工艺、新方法在制药工业中的应用和发展。 |
| ● |
| 相关链接 |
|
|
|
|
正题名:绿色制药技术
索取号:TQ460.6/25
 
预约/预借
| 序号 | 登录号 | 条形码 | 馆藏地/架位号 | 状态 | 备注 |
| 1 | 0574095 | 205740956 | 第二样本阅览室/ [索取号:TQ460.6/25] | 在馆 | |
| 2 | 0574096 | 205740965 | 第三借阅区/ [索取号:TQ460.6/25] | 在馆 | |
| 3 | 0574097 | 205740974 | 第三借阅区/ [索取号:TQ460.6/25] | 在馆 | |
| 4 | 0574098 | 205740983 | 密集书库/ [索取号:TQ460.6/25] | 在馆 | |
| 5 | 0574099 | 205740992 | 密集书库/ [索取号:TQ460.6/25] | 在馆 | |
| 6 | 0574100 | 205741009 | 第三借阅区/ [索取号:TQ460.6/25] | 在馆 | |
| 7 | 0574101 | 205741018 | 密集书库/ [索取号:TQ460.6/25] | 在馆 | |
| 8 | 0574102 | 205741027 | 第三借阅区/ [索取号:TQ460.6/25] | 在馆 |